000
00331nam a2200133Ia 4500
008
150201s2007 xx 000 0 und d
082
_a
612.015
_b
M07C
100
_a
CHANNANAYAPPA
245
_a
MOLECULER BIOTECHNOLOGY
260
_b
UNIVERSITY PRESS
_a
INDIA
_c
2007
300
_a
1-1215
650
_a
BIOCHEMISTRY
942
_2
ddc
_c
BK
_0
1
999
_c
1644
_d
1644